Strategies for labour management and productivity enhancement in Indian NR industry (Record no. 49788)

MARC details
000 -LEADER
fixed length control field 00687nam a2200181Ia 4500
100 ## - MAIN ENTRY--AUTHOR NAME
Personal name Thomas K U
245 #0 - TITLE STATEMENT
Title Strategies for labour management and productivity enhancement in Indian NR industry
260 ## - PUBLICATION, DISTRIBUTION, ETC. (IMPRINT)
Name of publisher International Workshop on Latex Harvesting Technology: Sustainable Rubber Production through Good Application Practices of Latex Harvesting Technology, 18-22 November 2013, IRRDB-IRV, Binh Duong, Vietnam.
650 ## - SUBJECT ADDED ENTRY--TOPICAL TERM
Topical Term India
650 ## - SUBJECT ADDED ENTRY--TOPICAL TERM
Topical Term Labour management
650 ## - SUBJECT ADDED ENTRY--TOPICAL TERM
Topical Term NR industry
650 ## - SUBJECT ADDED ENTRY--TOPICAL TERM
Topical Term Productivity enhancement
700 ## - ADDED ENTRY--PERSONAL NAME
Personal name Karunaichamy K
700 ## - ADDED ENTRY--PERSONAL NAME
Personal name Rajagopal R
700 ## - ADDED ENTRY--PERSONAL NAME
Personal name Sreelatha S
942 ## - ADDED ENTRY ELEMENTS (KOHA)
Koha item type Bibliography STAF
Holdings
Withdrawn status Lost status Damaged status Not for loan Home library Current library Shelving location Date acquired Koha item type
      Bibliography RRII Library RRII Library Economics 11/07/2014 Bibliography STAF